Statistics for BFDI Placements

Click here to take the quiz!

General Stats

  • This quiz has been taken 151 times
  • The average score is 14 of 21

Answer Stats

#Character% Correct
1Firey
100%
2Leafy
97%
3Bubble
93%
4Flower
88%
5Spongy
82%
6Rocky
76%
7Ice Cube
70%
8David
69%
9Pencil
67%
11Blocky
63%
12Pen
63%
10Tennis Ball
63%
13Eraser
60%
21Woody
57%
20Pin
56%
14Match
54%
15Snowball
52%
17Golf Ball
51%
19Needle
49%
16Coiny
47%
18Teardrop
45%

Score Distribution

Percentile by Number Answered

Percent of People with Each Score

Your Score History

You have not taken this quiz